| 000 | 01555nam a2200301Ia 4500 | ||
|---|---|---|---|
| 001 | E6551 | ||
| 003 | IT-RoPAU | ||
| 008 | 130308s9999 xx 000 0 und d | ||
| 040 | _aIT-RoPAU | ||
| 040 | _cIT-RoPAU | ||
| 041 | _aITALIANO | ||
| 100 | _aSiliato Francesco | ||
| 100 | _gCodice Aut. SPICS: 1259 | ||
| 245 | _aAntenna dei padroni (L'). Radiotelevisione e sistema dell'informazione | ||
| 245 | _bAntenna dei padroni (L'). radiotelevisione e Sistema dell'Informazione | ||
| 250 | _a1a ed. | ||
| 260 | _aMILANO | ||
| 260 | _bMazzotta | ||
| 260 | _c1977 [1° Ed.:1977 - Ed.Ling.Originale:1977] | ||
| 300 | _a"256 p. (prefazione: no ; testo: 256)" | ||
| 500 | _a"Critica della Libertà di Antenna. per la Storia della radiotelevisione Initalia, Cronologia Ragionata: 1923/1944: Radio e Origini del monopolio Imperfetto; 1944/1954: Dall'Eiar Alla Rai; 1954/1968: Sviluppo della Televisione; 1968/1972: Crisi del Monopolio; 1972/1977: riforma e Libertà di Antenna. Privato e Pubblico: Critica di Alcune Ideologie Correnti: Nascita della Radio e della Libertà di Antenna, Sviluppo Capitalistico della Radiotelevisione, Pubblicità Informazione ed Economia, Sistema Globale dell'Informazione, Informazione di Stato e Stato dell'Informazione, Terza fase e Progettoneocorporativo, Rapporto Sulle Emittenti Libere: Sistema informativo Italiano ed Emittenti Locali. indicazioni Bibliografiche." | ||
| 650 | _aINDUSTRIA TELEVISIVA | ||
| 650 | _eCodice materia Spics: 6956 | ||
| 942 | _cBK | ||
| 957 | _71 | ||
| 999 |
_c73097 _d73097 |
||
| 999 | _bSI | ||
| 999 | _g1 | ||